000 01061nam0a22002651 4500
001 rc\4044229
005 20250610232229.0
021 _aRU
_b[55-14424]
035 _a(NLR Aleph) 007957181
090 _a8376716
_c8376716
100 _a20130415d1954 |||y0rusy50 ca
101 0 _arus
102 _aRU
105 _aa z |||a|
200 1 _aЧетвертая высота
_eПовесть [о комсомолке Гуле Королевой, участнице Великой Отечеств. войны]
210 _aМосква
_cДетгиз
_d1954
215 _a208 с.
_cил.
_d23
225 1 _aШкольная библиотека
_i[Для семилетней школы
700 1 _aИльина
_bЕ.
_f1901-1964
_gЕлена
702 1 _4570
_7ca
_8rus
_aКоролёва
_bМ. В.
_cкиноактриса, санинструктор
_f1922-1942
_gМарионелла Владимировна
_9209765
_3RU\NLR\AUTH\770209819
801 0 _aRU
_bNLR
_gpsbo
801 1 _aRU
_bELAR
_2rusmarc
852 _aNLR
_jДл02 Г-5/844
942 _cBOOK
980 _aNB